000 00382 a2200121 4500
001 ART_17864
005 20260410161701.0
008 260409a
245 1 0 _aDesigualdad y concentración de depósitos bancarios en la Argentina
100 1 _aDiéguez, Héctor L.
700 1 _aPetrecolla, Alberto
773 0 _tEnsayos Económicos
_g- Nº 9 (mar. 1979)
_wREV620
999 _c15165
_d15165